| 000 | 00511nam a2200181Ia 4500 | ||
|---|---|---|---|
| 005 | 20260408075256.0 | ||
| 008 | 160316s1989 xxu||||| |||| 00| 0 eng d | ||
| 082 | _a301 JAY | ||
| 100 | _aJayaram, N. | ||
| 245 |
_aSociology : methods and theories / _cN. Jayaram |
||
| 260 |
_aChennai : _bMacmillan Press, _c1989. |
||
| 300 |
_a100 p. ; _c23 cm. |
||
| 365 | _bRs.88 | ||
| 505 | _aChapter 1: Sociological methods Chapter 2: Sociological theories | ||
| 650 | _aSociology | ||
| 700 |
_a _a |
||
| 942 |
_2ddc _cBK |
||
| 999 |
_c12780 _d12780 |
||